| 000 | 00533nam a2200181 a 4500 | ||
|---|---|---|---|
| 001 | 2386 | ||
| 003 | CDMR | ||
| 005 | 20130404182401.0 | ||
| 008 | 130130s1993||||||||||||||||||||||||||||d | ||
| 020 | _a842831988X | ||
| 040 |
_aCDMR _bcat _cCDMR |
||
| 100 | 1 |
_aRodríguez, Francisco J. _91779 |
|
| 245 | 1 | 3 |
_aLa televisión y los españoles _b: análisis periodístico de un vicio nacional _cFrancisco J. Rodriguez |
| 260 |
_aMadrid _c1993 _bParaninfo |
||
| 300 |
_a244 p ; _c24 cm |
||
| 650 | 0 | 4 |
_91780 _aTelevisió _zEspanya |
| 942 |
_cMON _2udc |
||
| 999 |
_c2386 _d2386 |
||